LIBRARY ONLINE CATALOGUE

Fundamentals of preventive maintenance / (Record no. 16576)

MARC details
000 -LEADER
fixed length control field 00506nam a22001817a 4500
003 - CONTROL NUMBER IDENTIFIER
control field OSt
005 - DATE AND TIME OF LATEST TRANSACTION
control field 20171011085710.0
008 - FIXED-LENGTH DATA ELEMENTS--GENERAL INFORMATION
fixed length control field 171011b xxu||||| |||| 00| 0 eng d
020 ## - INTERNATIONAL STANDARD BOOK NUMBER
International Standard Book Number 081447389X
040 ## - CATALOGING SOURCE
Original cataloging agency KABU
Transcribing agency KABU
050 ## - LIBRARY OF CONGRESS CALL NUMBER
Classification number TS192
Item number .G76 2002
100 ## - MAIN ENTRY--PERSONAL NAME
Personal name Gross, John M.
245 ## - TITLE STATEMENT
Title Fundamentals of preventive maintenance /
Statement of responsibility, etc. John M. Gross
260 ## - PUBLICATION, DISTRIBUTION, ETC. (IMPRINT)
Place of publication, distribution, etc. New York
Name of publisher, distributor, etc. AMACOM
Date of publication, distribution, etc. 2002
300 ## - PHYSICAL DESCRIPTION
Extent xiii, 223 p.
650 ## - SUBJECT ADDED ENTRY--TOPICAL TERM
Topical term or geographic name as entry element Plant maintenance
942 ## - ADDED ENTRY ELEMENTS (KOHA)
Source of classification or shelving scheme Library of Congress Classification
Koha item type General Collection
Classification part TS192
Item part .G76 2002
Holdings
Withdrawn status Lost status Source of classification or shelving scheme Not for loan Home library Current library Date acquired Cost, normal purchase price Inventory number Total Checkouts Full call number Barcode Date last seen Copy number Price effective from Koha item type
    Library of Congress Classification   Kabarak, Main Campus Kabarak, Main Campus 11/10/2017 12330.00 2017/0375   TS192 .G76 2002 c.1 027778 11/10/2017 c.1 11/10/2017 General Collection